Problémy informatickej metodiky

Bibliographic Details
Main Author: Žatkuliak, Ján G., 1914-1988 (Author)
Format: Article
Language:Slovak
Subjects:

MARC

LEADER 00000nab a2200000 a 4500
001 vtls000142978
003 SK-MaSNL
005 20260303025915.0
008 111031c1983 xo 0 slo
015 |a SNBRA19rr/mm-uuuuu 
035 |a CL0153085 
040 |a SNKBUCL  |b slo  |c SNKBUCL  |e AACR2 
041 0 |a slo 
044 |a xo  |c SK 
080 |a 002.6.001  |2 1981 
100 1 |a Žatkuliak, Ján G.,  |d 1914-1988  |4 aut  |9 110317 
245 1 0 |a Problémy informatickej metodiky  |c Ján G. Žatkuliak 
650 0 7 |a informatika  |2 snkbucl  |9 1124 
655 7 |a články zo zborníkov  |2 snkbucl  |9 166140 
655 7 |a články z odboru knihovníctvo  |2 snkbucl  |9 166141 
773 0 |t INFOS 83  |d Bratislava : ZSKI, 1983 
850 |a Slovenská národná knižnica v Martine  |a MTA001 
852 |a SNK  |b KIS3GCP 
958 |a RK 
958 |a KL 
992 |a RZB 
999 |c 1649113  |d 1651043